01099ctm a22002771i 4500001000500000005001700005020001800022040002800040050001300068082001000081100002500091245009500116250005000211260004200261300005900303505001200362520014100374521002200515521002200537655003000559700002000589906004500609942001500654999001500669952013700684260020240111153021.0 a9780689848889 aDLCbengerdacDLCdDLC00aPZ8.S248 a398.2 aD.San Souci , Robert00aCendrillon :bA Caribbean Cinderella /cRobert D. San Souci ; illustrated by Brian Pinkney aFirst Aladdin Paperbacks edition January 2002 aNew York :bAladdin Paperbacks,c1998 a39 unnumbered pages : c27 cm.bcolor illustrations ;  aQ  aA Creole variant of the familiar Cinderella tale set in the Caribbean and narrated by the godmother who helps Cendrillon find true love. a671 bLexile  aQ bRaz-Plus  7aSilent film music.2lcgft1 aPinkney, Brian  a7bcbccorignewd1encipf20gy-gencatlg 2ddccBKn0 c2600d2600 00102ddc40708JUVFa001b001cTTPd2024-01-04l1oSOU 398.2 PZ8.S248pFISTK01659r2024-03-25 13:39:25s2024-03-19w2024-01-04yBK